[Event "POL-chT 42nd"]
[Site "Porabka"]
[Date "1986.10.??"]
[Round "1"]
[White "Bernard, Ryszard"]
[Black "Sobura, Henryk"]
[Result "0-1"]
[WhiteElo "2365"]
[BlackElo "2370"]
[PlyCount "75"]
[EventDate "1986.10.18"]
[EventType "team-tourn"]
[EventRounds "11"]
[EventCountry "POL"]
[SourceTitle "EXT 2019"]
[Source "ChessBase"]
[SourceDate "2018.10.10"]
[SourceVersion "1"]
[SourceVersionDate "2018.10.10"]
[SourceQuality "1"]
[WhiteTeam "Poznan Lech"]
[BlackTeam "Myslowice Gornik 09"]
[WhiteTeamCountry "POL"]
[BlackTeamCountry "POL"]

1. e4 e6 2. d4 d5 3. Nd2 a6 4. Ngf3 c5 5. exd5 exd5 6. Be2 cxd4 7. 0-0 Nc6 8. Nb3 Nf6 9. Nbxd4 Be7 10. c3 0-0 11. Bg5 h6 12. Bh4 g5 13. Bg3 Ne4 14. Bd3 f5 15. Nxc6 bxc6 16. Be5 Bc5 17. Bd4 Bd6 18. b4 Qc7 19. h3 Qe7 20. Nd2 g4 21. hxg4 fxg4 22. Nxe4 dxe4 23. Re1 Qh4 24. Qb3+ Kh7 25. Bxe4+ Bf5 26. Qc2 Qh2+ 27. Kf1 Qh1+ 28. Ke2 Qh5 29. Bxf5+ Rxf5 30. Kd2 Qg6 31. Qd3 Raf8 32. Re2 a5 33. Rae1 axb4 34. c4 c5 35. Re6 Qg5+ 36. Be3 Bf4 37. Kd1 Bxe3 38. R1xe3 0-1

[Event "POL-chT 42nd"]
[Site "Porabka"]
[Date "1986.10.??"]
[Round "9"]
[White "Sobura, Henryk"]
[Black "Flis, Jacek"]
[Result "0-1"]
[WhiteElo "2370"]
[BlackElo "2305"]
[PlyCount "73"]
[EventDate "1986.10.18"]
[EventType "team-tourn"]
[EventRounds "11"]
[EventCountry "POL"]
[SourceTitle "EXT 2019"]
[Source "ChessBase"]
[SourceDate "2018.10.10"]
[SourceVersion "1"]
[SourceVersionDate "2018.10.10"]
[SourceQuality "1"]
[WhiteTeam "Myslowice Gornik 09"]
[BlackTeam "Czestochowa Skra-Komobex"]
[WhiteTeamCountry "POL"]
[BlackTeamCountry "POL"]

1. e4 c6 2. d4 d5 3. Nd2 dxe4 4. Nxe4 Nd7 5. Bc4 Ngf6 6. Ng5 e6 7. Qe2 Nb6 8. Bd3 h6 9. N5f3 c5 10. dxc5 Bxc5 11. Ne5 Nbd7 12. Ngf3 Nxe5 13. Nxe5 0-0 14. Bd2 Qd5 15. 0-0-0 Qxa2 16. c3 b5 17. Bb1 Qa4 18. Qd3 Rb8 19. h3 Be7 20. Ng4 g6 21. Nxh6+ Kh8 22. Qg3 Rb7 23. Qe5 Kh7 24. Ng4 Nd5 25. Qh5+ Kg7 26. Qh6+ Kg8 27. Bxg6 fxg6 28. Qxg6+ Kh8 29. Kb1 Ba3 30. bxa3 Qb3+ 31. Ka1 Qxa3+ 32. Kb1 Qb3+ 33. Ka1 Qa3+ 34. Kb1 e5 35. Qh5+ Kg8 36. Nh6+ Kg7 37. Qxe5+ 0-1

[Event "Dreszer Memorial"]
[Site "Gdynia"]
[Date "1986.??.??"]
[Round "13"]
[White "Borkowski, Franciszek"]
[Black "Sobura, Henryk"]
[Result "1-0"]
[WhiteElo "2380"]
[BlackElo "2370"]
[PlyCount "111"]
[EventDate "1986.??.??"]
[EventType "tourn"]
[EventRounds "11"]
[EventCountry "POL"]
[SourceTitle "EXT 2001"]
[Source "ChessBase"]
[SourceDate "2000.11.22"]
[SourceVersion "1"]
[SourceVersionDate "2000.11.22"]
[SourceQuality "1"]

1. e4 e6 2. d4 d5 3. Nc3 Bb4 4. e5 c5 5. a3 Bxc3+ 6. bxc3 Ne7 7. a4 Nbc6 8. Nf3 Qa5 9. Qd2 Bd7 10. Bd3 f6 11. 0-0 fxe5 12. dxe5 0-0 13. Re1 h6 14. Nh4 c4 15. Bxc4 dxc4 16. Qxd7 Qxc3 17. Qxe6+ Rf7 18. Be3 Qxc2 19. Nf3 Raf8 20. Rec1 Qf5 21. Qxf5 Nxf5 22. Bc5 Re8 23. Rxc4 Nxe5 24. Nxe5 Rxe5 25. Bxa7 b5 26. Rc8+ Kh7 27. Bb8 Re2 28. a5 Nd4 29. f4 Nb3 30. Kf1 Rb2 31. Be5 Nxa1 32. Bxb2 Rxf4+ 33. Ke2 Ra4 34. Kf3 Nb3 35. Rc7 h5 36. h3 Nxa5 37. g4 hxg4+ 38. hxg4 Nc4 39. Rxg7+ Kh6 40. Bf6 Ra6 41. g5+ Kh5 42. Kf4 Rb6 43. Rg8 Rd6 44. Be5 Re6 45. Bc3 Rd6 46. Re8 Rb6 47. Bd4 Rd6 48. Be5 Rd1 49. Rh8+ Kg6 50. Rh6+ Kf7 51. g6+ Ke7 52. g7 Rf1+ 53. Ke4 Rg1 54. Bd4 Rc1 55. Kf4 Rf1+ 56. Kg3 1-0